SEL (Record no. 1107202)

MARC details
000 -LEADER
sabit uzunluktaki kontrol alanı 00234nam a2200097Ia 4500
001 - KONTROL NUMARASI
kontrol alanı 1107202
005 - EN SON İŞLEMİN TARİH VE ZAMANI
kontrol alanı 20250827003453.0
008 - SABİT-UZUNLUKTA VERİ ÖĞELERİ--GENEL BİLGİ
sabit uzunluktaki kontrol alanı 250824s9999 xx 000 0 und d
245 #0 - ESER / YAZAR
ESER ADI SEL
Yazar Adı YAVUZ BAHADIROĞLU
260 ## - YAYIN, DAĞITIM, VB.
YAYIN EVİ NESİL YAYINEVİ
Holdings
Düşüm durumu Kayıp durumu Hasar Durumu Ödünç verilmez Ana kütüphane Geçerli Kütüphane Edinilen tarih Toplam ödünç verme sayısı Barkod Son görüntüleme tarihi Fiyatın geçerli olmaya başladığı tarih Koha materyal türü
        SEYİT ULUGÜLYAĞCI İMAM HATİP ORTAOKULU-2 SEYİT ULUGÜLYAĞCI İMAM HATİP ORTAOKULU-2 24.08.2025   10793933 27.08.2025 27.08.2025 Books